LEADER 04838 am 22006973u 450 001 9910141426403321 005 20230621141128.0 010 $a9789949190188$b(ebook) 035 $a(CKB)2670000000240767 035 $a(SSID)ssj0000986132 035 $a(PQKBManifestationID)11532836 035 $a(PQKBTitleCode)TC0000986132 035 $a(PQKBWorkID)10933401 035 $a(PQKB)10024935 035 $a(OCoLC)841578479 035 $a(WaSeSS)Ind00074694 035 $a(oapen)https://directory.doabooks.org/handle/20.500.12854/28815 035 $a(EXLCZ)992670000000240767 100 $a20160829d2008 uy 0 101 0 $ager 135 $aurcn#nnn||||| 181 $ctxt$2rdacontent 182 $cc$2rdamedia 183 $acr$2rdacarrier 200 00$aTradition und Moderne in der Literatur der Schweiz im 20. Jahrhundert $eBeiträge zur Internationalen Konferenz zur Deutschsprachigen Literatur der Schweiz, 26. bis 27. September 2007 /$fherausgegeben von Eve Pormeister, Hans Graubner 210 $aTartu$cUniversity of Tartu Press$d2008 210 1$aTartu :$cUniversity of Tartu Press,$d2008. 215 $a1 online resource (234 pages) $cdigital, PDF file(s) 225 0 $aOpen Access e-Books 225 0 $aKnowledge Unlatched 225 1 $aHumaniora : Germanistica ; $v 4 300 $a"Konferenzbeitrage"--Cover. 320 $aIncludes bibliographical references. 330 $aIn den in diesem Band zusammengetragenen Beitra?gen wird die Pra?senz des literarischen U?bervaters der Schweizer Literatur, Gottfried Kellers, bei Autoren der 1960er Jahre wie Otto F. Walter, Hugo Loetscher, Adolf Muschg und Urs Widmer gezeigt. Diese engagierten Autoren, die sich zwar in die demokratische Tradition der Schweiz stellen und zu Keller in ein fast identifikatorisches Verha?ltnis treten, spielen anla?sslich der vera?nderten politischen O?ffentlichkeit im 20. Jahrhundert jedoch eine entschieden andere Rolle als ihr großes literarisches Vorbild. Aus der Sicht der Tradition und der Moderne werden im Hinblick auf die Schriftform und das Autobiographische sowie auf die Dorfwirklichkeit und die Karnevalisierung der Literatur die poetischen Auffassungen von zwei anderen Klassikern der Schweizer Literatur, von Robert Walser und Meinrad Inglin, in den Mittelpunkt der Betrachtungen und Diskussionen geru?ckt. Mit ihren Versuchen, die preka?re Nachkriegssituation in tragikomischen Dramen zu verarbeiten, kommen die beiden großen Beobachter der Auswirkungen des Faschismus, Frisch und Du?rrenmatt zur Sprache. Vorgestellt wird Du?rrenmatts politisches Engagement an seiner Auseinandersetzung mit dem {607}Vater der Wasserstoffbombe", Edward Teller, die bei einer Fernsehdiskussion stattgefunden hatte. Der Einbruch der Moderne in die Familie wird an Autoren wie Erica Pedretti, Thomas Hu?rlimann und Silvio Blatter vorgefu?hrt. Besonderes Augenmerk gilt ju?ngeren Autoren und Autorinnen wie Peter Stamm oder der zu Unrecht weniger bekannten Gertrud Leutenegger. 330 $aThe papers in this volume show the presence of Gottfried Keller, the literary father figure of Swiss literature, in the texts of the Swiss authors from 1960ies, such as Otto F. Walter, Hugo Loetscher, Adolf Muschg, and Urs Widmer. Although these authors work in the democratic tradition of Switzerland and have an almost identificatory relationship to Keller, their role in the changed political life of the 20th century is completely different from that of their great literary model. The volume also contains studies on other Swiss literary classics, such as Robert Walser and Meinrad Inglin, as well as later authors, such as Max Frisch and Friedrich Dürrenmatt, Erica Pedretti, Thomas Hürlimann, Silvio Blatter, Peter Stamm, and Gertrud Leutenegger. 410 0$aHumaniora : Germanistica ;$v4. 606 $aSwiss literature (German)$y20th century$xHistory and criticism$vCongresses 610 $aFriedrich Dürrenmatt 610 $aEdward Teller 610 $aAutobiographisches 610 $aSwiss literature 610 $acarnivalesque 610 $aGottfried Keller 610 $aRobert Walser 610 $aMeinrad Inglin 610 $aautobiography 610 $aLiteratur der Schweiz 610 $aKarnevalisierung der Literatur 610 $aRoman 615 0$aSwiss literature (German)$xHistory and criticism 676 $a830.99494 700 $aPormeister$b Eve$4auth$0325036 702 $aPormeister$b Eve$f1956-, 702 $aGraubner$b Hans 712 02$aInternationale Konferenz zur Deutschsprachigen Literatur der Schweiz$f(2007 :$eTartu) 801 0$bPQKB 801 2$bAuAdUSA 801 2$bUkMaJRU 912 $a9910141426403321 996 $aTradition und Moderne in der Literatur der Schweiz im 20. Jahrhundert$93384172 997 $aUNINA LEADER 02075oam 2200481zu 450 001 9910376163103321 005 20210807002222.0 035 $a(CKB)3170000000003431 035 $a(SSID)ssj0001172036 035 $a(PQKBManifestationID)11959570 035 $a(PQKBTitleCode)TC0001172036 035 $a(PQKBWorkID)11184500 035 $a(PQKB)11055896 035 $a(WaSeSS)IndRDA00015182 035 $a(Association for Computing Machinery)10.1145/1375783 035 $a(EXLCZ)993170000000003431 100 $a20160829d2007 uy 101 0 $aeng 135 $aur||||||||||| 181 $ctxt 182 $cc 183 $acr 200 00$aCHINA HPC 2007 : proceedings of the Asian Technology Information Program's (ATIP's) third Workshop on High Performance Computing in China : Solution Approaches to Impediments for High Performance Computing : Supercomputing 2007 (SC '07), November 11, 2007 210 31$a[Place of publication not identified]$cACM$d2007 215 $a1 online resource (245 pages) 225 1 $aACM Conferences 300 $aBibliographic Level Mode of Issuance: Monograph 311 $a1-59593-903-2 410 0$aACM Conferences 517 1 $aSC '07 517 1 $aCHINA HPC '07 517 1 $aProceedings of the 2007 Asian Technology Information Program's (ATIP's) 3rd Workshop on High Performance Computing in China :$eSolution Approaches to Impediments for High Performance Computing 606 $aEngineering & Applied Sciences$2HILCC 606 $aComputer Science$2HILCC 615 7$aEngineering & Applied Sciences 615 7$aComputer Science 700 $aKahaner$b David$07842 712 02$aAssociation for Computing Machinery-Digital Library. 801 0$bPQKB 906 $aBOOK 912 $a9910376163103321 996 $aCHINA HPC 2007 : proceedings of the Asian Technology Information Program's (ATIP's) third Workshop on High Performance Computing in China : Solution Approaches to Impediments for High Performance Computing : Supercomputing 2007 (SC '07), November 11, 2007$92153641 997 $aUNINA LEADER 04827nam 22007575 450 001 9910917198503321 005 20250807143314.0 010 $a9789819726004$b(electronic bk.) 010 $z9789819725991 024 7 $a10.1007/978-981-97-2600-4 035 $a(MiAaPQ)EBC31821753 035 $a(Au-PeEL)EBL31821753 035 $a(CKB)36841088900041 035 $a(DE-He213)978-981-97-2600-4 035 $a(OCoLC)1477998945 035 $a(EXLCZ)9936841088900041 100 $a20241207d2024 u| 0 101 0 $aeng 135 $aurcnu|||||||| 181 $ctxt$2rdacontent 182 $cc$2rdamedia 183 $acr$2rdacarrier 200 10$aPost-Apartheid Community-Based Activism $eMandla Majola and the Struggle for Social, Economic, and Health Equity /$fby Louise Penner, Rajini Srikanth 205 $a1st ed. 2024. 210 1$aSingapore :$cSpringer Nature Singapore :$cImprint: Palgrave Macmillan,$d2024. 215 $a1 online resource (306 pages) 225 1 $aAlternatives and Futures: Cultures, Practices, Activism and Utopias,$x2523-7071 311 08$aPrint version: Penner, Louise Post-Apartheid Community-Based Activism Singapore : Palgrave Macmillan,c2025 9789819725991 327 $aChapter 1 Introduction -- Chapter 2 Formative Years -- Chapter3 Awakening to HIV/AIDS and the Right to Health -- Chapter 4 The Legacy of TAC in Activists? Lives -- Chapter 5 Xenophobia and The Moral Imperative Facing a Community Activist -- Chapter 6 The Birth of the Social Justice Coalition: From Anti-Xenophobia to Sanitation and Township Safet -- Chapter 7 ?Embracing the Local: How the Movement for Change and Social Justice Came To Be? -- Chapter 8 ?Combatting Gender-Based Violence: A Persistent Effort Across Community Organizations? -- Chapter 9 Coda. 330 $aThis book provides a timely study of community-based activism in contemporary South Africa. Grounded in oral history, the book examines the acquired expertise and life experiences of an impactful South African activist, Mandla Majola, within the context of the people, circumstances, and affiliations that have shaped his strategic thinking and practice. The authors situate Mandla Majola?s activist and everyday experiences within histories of the complex connections between post-apartheid political and social movements and human rights discourse as they emerged after 1994. The book illuminates the relationship of state power to public health activism for HIV, tuberculosis and COVID-19 and for a life of basic human dignity, including access to sanitation and housing. Mandla Majola?s life spotlights the inspiring, sometimes grueling, and tireless quotidian work of thousands of ?invisible? community-based activists whose collective actions have impacted the entire spectrum of social and economic rights of untold numbers of people in South Africa and beyond. Louise Penner is Associate Professor of English at UMass Boston specializing in Victorian Literature and Culture and Global Health Humanities. Her published work as author and editor includes Victorian Medicine and Social Reform: Florence Nightingale among the Novelists (Palgrave, 2010), and Victorian Medicine and Popular Culture (2015). Rajini Srikanth is Dean of Faculty and Professor of English and Human Rights at the University of Massachusetts Boston. He is the author and co-editor of several books, including Interdisciplinary Approaches to Human Rights: History, Politics, Practice (2018) and Climate Justice and Public Health: Realities, Responses, and Reimaginings for a Better Future (2024). 410 0$aAlternatives and Futures: Cultures, Practices, Activism and Utopias,$x2523-7071 606 $aHealth 606 $aSex 606 $aAfrica$xHistory 606 $aAfrica$xPolitics and government 606 $aHuman geography 606 $aSocial medicine 606 $aPublic health 606 $aGender and Health 606 $aAfrican History 606 $aAfrican Politics 606 $aHuman Geography 606 $aHealth, Medicine and Society 606 $aPublic Health 615 0$aHealth. 615 0$aSex. 615 0$aAfrica$xHistory. 615 0$aAfrica$xPolitics and government. 615 0$aHuman geography. 615 0$aSocial medicine. 615 0$aPublic health. 615 14$aGender and Health. 615 24$aAfrican History. 615 24$aAfrican Politics. 615 24$aHuman Geography. 615 24$aHealth, Medicine and Society. 615 24$aPublic Health. 676 $a613.04 700 $aPenner$b Louise$01779178 701 $aSrikanth$b Rajini$01611746 801 0$bMiAaPQ 801 1$bMiAaPQ 801 2$bMiAaPQ 912 $a9910917198503321 996 $aPost-Apartheid Community-Based Activism$94302427 997 $aUNINA